ბათუმის შოთა რუსთაველის სახელმწიფო უნივერსიტეტის ბიბლიოთეკა

თხზულებანი თორმეტ ტომად. ტ.12. (ბიბ.ჩანაწერი № 43459)

000 -LEADER
fixed length control field 01282nam a2200241Ia 4500
001 - CONTROL NUMBER
control field 10190
003 - CONTROL NUMBER IDENTIFIER
control field GE_BSU
008 - FIXED-LENGTH DATA ELEMENTS--GENERAL INFORMATION
fixed length control field 181216s||||||||xx |||||||||||||| ||und||
040 ## - CATALOGING SOURCE
Transcribing agency GE_BSU
080 ## - UNIVERSAL DECIMAL CLASSIFICATION NUMBER
Universal Decimal Classification number 821.353.1+821.353.1.09+821.353.1-94+821.353.1-6+821.353.1-32
100 ## - MAIN ENTRY--PERSONAL NAME
Personal name ტაბიძე,გალაქტიონ
245 ## - TITLE STATEMENT
Title თხზულებანი თორმეტ ტომად. ტ.12.
245 ## - TITLE STATEMENT
Remainder of title წერილები სიტყვები.მოგონებები.დღიურები.ჩანაწერები,პირადი წერილები.პოემების პროზაული ტექსტები
245 ## - TITLE STATEMENT
Statement of responsibility, etc. სარედ.კოლ.გურამ გვერდწითელი
260 ## - PUBLICATION, DISTRIBUTION, ETC.
Place of publication, distribution, etc. თბილისი
260 ## - PUBLICATION, DISTRIBUTION, ETC.
Name of publisher, distributor, etc. საბჭოთა საქართველო
260 ## - PUBLICATION, DISTRIBUTION, ETC.
Date of publication, distribution, etc. 1975
300 ## - PHYSICAL DESCRIPTION
Extent 806გვ.21სმ.
653 ## - INDEX TERM--UNCONTROLLED
Uncontrolled term თხზულებანი
653 ## - INDEX TERM--UNCONTROLLED
Uncontrolled term პოემების პროზაული ტექსტები
653 ## - INDEX TERM--UNCONTROLLED
Uncontrolled term წერილები სიტყვები.მოგონებები.დღიურები.ჩანაწერები,პირადი წერილები.
942 ## - ADDED ENTRY ELEMENTS (KOHA)
Koha item type წიგნი
ეგზემპლარები
Withdrawn status Lost status Damaged status Not for loan Date acquired Barcode Date last seen Price effective from Koha item type
        2018-12-17 33827 2018-12-17 2018-12-17 წიგნი